000 00919nam a22002537a 4500
003 BCEG
005 20260410133352.0
008 260410s2010 mx|||||| |||| 00| 0 spa d
020 _a9786078667277
040 _aBCEG
_bspa
_cBCEG
082 0 4 _aM861.4
_bH117d
245 0 1 _a¿Hacia dónde van los animales?
_b: 21 poetas dialogan con el arte de Francisco Toledo.
246 1 2 _a¿Hacia dónde van los animales?
_b: veintiún poetas dialogan con el arte de Francisco Toledo.
260 _aMéxico :
_bMuseo de Arte Contemporáneo de Oaxaca :
_bAlmadía,
_c2010.
300 _a147 p.
_b: il.
541 _aCompra.
600 1 4 _aToledo, Francisco,
_d1940-2019,
_xCrítica e interpretación.
650 1 4 _aPoesía mexicana.
650 1 4 _aArte popular
_zMéxico.
700 1 _aToledo, Francisco,
_d1940-2019,
_eil.
700 1 _aLumbreras, Ernesto,
_d1966-,
_eed.
700 1 _aValasco, Efraín,
_d1977-,
_eed.
942 _cBK
999 _c437179
_d437179